000 00921nam a2200241 i 4500
001 188975
003 ES-MaACL
005 20250824203229.0
007 t|
008 190307s1969 sp ||||1| spa d
100 1 _aBrus, Wlodzimierz.
_9166570
245 1 3 _aEl funcionamiento de la economia socialista
_b: problemas generales /
_cWlodzimierz Brus ; [versión de Baltasar Aymerich Coromimas, Carlos Bernat Juanos, y Felix Pardo-Ruiz (apendices)].
260 _aBarcelona :
_bOikos-Tau,
_c[1969]
300 _a288 p. ;
_c21 cm.
490 1 _aColección "Libros de Economía Oikos" ;
_v16
650 0 4 _aEconomía marxista.
_912033
700 0 _aAymerich Corominas, Baltasar.
_924181
700 1 _aBernat Juanós, Carlos.
_9166571
700 1 _aPardo-Ruiz, Felix.
_9166572
830 0 0 _aColección "Libros de economía Oikos"
_v16
_9187436
852 _aES-MaACL
_jP-522-Ter-16
999 _c188975
_d188975